Loading...
| History - American | 0 | 5 | 0 | 0 | 50 | 43 | 75.60 | 0 | 3 | 18.14 | 28.41 |
| History - European | 0 | 4 | 0 | 0 | 40 | 48 | 68.50 | 1 | 4 | 16.40 | 25.00 |
| Science - Biology | 0 | 3 | 0 | 0 | 30 | 62 | 79.33 | 0 | 2 | 7.96 | 18.18 |
| History - World | 0 | 4 | 2 | 1 | 30 | 67 | 108.00 | 0 | 2 | 7.62 | 20.45 |
| Fine Arts - Classical Music | 0 | 3 | 1 | 1 | 25 | 79 | 105.33 | 0 | 0 | 3.39 | 10.23 |
| Social Science | 0 | 2 | 0 | 0 | 20 | 72 | 73.00 | 0 | 2 | 5.34 | 10.23 |
| Fine Arts - Other | 0 | 2 | 0 | 0 | 20 | 109 | 122.50 | 0 | 2 | 1.83 | 12.50 |
| Literature - British | 0 | 2 | 0 | 0 | 20 | 100 | 122.50 | 0 | 0 | 2.83 | 6.82 |
| Literature - World | 0 | 2 | 0 | 0 | 20 | 90 | 103.00 | 0 | 0 | 4.93 | 3.41 |
| History - Other | 0 | 2 | 1 | 0 | 15 | 77 | 86.50 | 0 | 2 | 5.19 | 13.64 |
| Literature - American | 0 | 2 | 1 | 1 | 15 | 113 | 125.50 | 0 | 0 | 2.24 | 7.95 |
| Current Events | 0 | 1 | 0 | 0 | 10 | 74 | 74.00 | 0 | 0 | 21.09 | 12.50 |
| Other Academic | 0 | 1 | 0 | 0 | 10 | 82 | 82.00 | 1 | 1 | 13.09 | 33.33 |
| Geography | 0 | 1 | 0 | 0 | 10 | 107 | 107.00 | 0 | 0 | 5.68 | 8.33 |
| Literature - European | 0 | 1 | 0 | 0 | 10 | 122 | 122.00 | 0 | 0 | 1.28 | 2.27 |
| Fine Arts - Painting and Sculpture | 0 | 2 | 2 | 0 | 10 | 99 | 105.00 | 0 | 0 | 3.73 | 4.55 |
| Philosophy | 0 | 0 | 0 | 0 | 0 | 0.00 | 0 | 0 | 0.00 | 0.00 | |
| Religion | 0 | 1 | 3 | 0 | -5 | 80 | 80.00 | 0 | 0 | 2.54 | 4.55 |
| Science - Other | 0 | 0 | 1 | 0 | -5 | 0.00 | 0 | 0 | 0.00 | 0.00 | |
| Mythology | 0 | 0 | 2 | 0 | -10 | 0.00 | 0 | 0 | 0.00 | 0.00 |